000
00233 a2200097 4500
001
39887
100
_a
Shehab Rafiullah
245
_a
History of Pakistan
260
_a
Lahore
_b
Sang-e-Meel Publications
_c
1989
090
_c
24883
_d
24883
942
_a
NUST-CAE
_c
M
_c
16539
999
_c
274960
_d
274960